| 000 | 00763nam a22002177a 4500 | ||
|---|---|---|---|
| 999 |
_c3553 _d3553 |
||
| 003 | AR-CdUCM | ||
| 008 | 190306b ||||| |||| 00| 0 spa d | ||
| 020 | _a978-612-00-2298-6 | ||
| 040 |
_aMUNICIPALIDAD PROVINCIAL DEL CUSCO _cBIBLIOTECA MUNICIPAL DEL CUSCO |
||
| 082 |
_a330 / _bV66 |
||
| 100 |
_aVillafuerte Pezo, Ana María _911637 |
||
| 245 | _aParadojas, falacias y dilemas en economía / | ||
| 260 |
_aCusco : _bAlpha Servicios gráficos, _c2016 |
||
| 300 |
_a223 paginas ; _c20 cm. |
||
| 505 | _aContenido :La economia y la sociedad en el siglo XXI --Paradojas --Falacias --Dilemas --Bibliográfia / | ||
| 650 |
_aEconomía _9382 |
||
| 650 |
_aAspectos sociales _9262 |
||
| 650 |
_aTeoría económica _94478 |
||
| 942 |
_2ddc _cLIBROS |
||
| 945 | _arjall | ||